| Tag |
First Indicator |
Second Indicator |
Subfields |
| LEADER |
00000cam a2200000I 4500 |
| 001 |
in00001662017 |
| 005 |
20151023131027.0 |
| 008 |
920325m19709999yu 000 0 sccr |
| 010 |
|
|
|a 73975653
|
| 015 |
|
|
|a Yu***(v.1)
|
| 035 |
|
|
|a (OCoLC)ocm25531180
|
| 040 |
|
|
|a DLC
|c CUY
|d CUY
|d OCL
|d TXA
|d UtOrBLW
|
| 049 |
|
|
|a TXAM
|
| 050 |
0 |
0 |
|a PG1229
|b .S72
|
| 100 |
1 |
|
|a Stevanović, Mihailo.
|
| 245 |
1 |
0 |
|a Savremeni srpskohrvatski jezik :
|b gramatički sistemi i književnojezička norma /
|c M. Stevanović.
|
| 250 |
|
|
|a 2. izd.
|
| 264 |
|
1 |
|a Beograd :
|b Nauchna knjiga,
|c 1970-
|
| 300 |
|
|
|a volumes ;
|c 25 cm.
|
| 336 |
|
|
|a text
|b txt
|2 rdacontent
|
| 337 |
|
|
|a unmediated
|b n
|2 rdamedia
|
| 338 |
|
|
|a volume
|b nc
|2 rdacarrier
|
| 500 |
|
|
|a At head of title, volume 1: M. Stevanović..
|
| 536 |
|
|
|a From the Library of Professor Horace G. Lunt. October 2000.
|
| 650 |
|
0 |
|a Serbo-Croatian language
|x Grammar.
|
| 948 |
|
|
|a cataloged
|b h
|c 2002/2/26
|d c
|e spoltoratski
|f 11:17:57 am
|
| 994 |
|
|
|a E0
|b TXA
|
| 999 |
|
|
|a MARS
|
| 999 |
f |
f |
|s a2b1f016-5765-3754-aca3-a1c2196fdd3f
|i 8c22a10f-188a-3ada-8f12-4e92fb291db4
|t 0
|
| 952 |
f |
f |
|p ric
|a Texas A&M University
|b Rellis Campus
|c Joint Library Facility
|d Remote Storage
|t 0
|e PG1229 .S72
|h Library of Congress classification
|i unmediated -- volume
|k no.2
|m A14828365879
|
| 998 |
f |
f |
|a PG1229 .S72
|s no.2
|t 0
|l Remote Storage
|